Topscorer der NLA seit 96/97 Regular Season - Statistiken

Allgemein
  • Dieses Quiz wurde 23 mal gespielt
  • Das Durchschnittsergebnis liegt bei 5 aus 27
Antwortstatistiken
Hinweise Spieler % Korrekt
21/22, Tschechien, SC Rapperswil-Jona, 64 Punkte Roman Cervenka
89%
20/21, Tschechien, EV Zug, 63 Punkte Jan Kovar
74%
18/19, Tschechien, Ambri-Piotta, 57 Punkte Dominik Kubalik
68%
19/20, Schweiz, ZSC Lions, 53 Punkte Pius Suter
47%
11/12, Schweiz, EV Zug, 60 Punkte Damien Brunner
32%
14/15, Schweden, HC Lugano, 69 Punkte Fredrik Pettersson
26%
12/13, Schweden, EV Zug, 69 Punkte Linus Omark
26%
15/16, Kanada, EV Zug, 67 Punkte Pierre-Marc Bouchard
21%
17/18, Kanada, HC Lausanne, 57 Punkte Dustin Jeffrey
16%
05/06, Kanada, HC Lugano, 65 Punkte Glen Metropolit
16%
10/11, Kanada, EV Zug, 53 Punkte Glen Metropolit
16%
22/23, Tschechien, SC Rapperswil-Jona, 59 Punkte Roman Cervenka
16%
03/04, Finnland, HC Lugano, 72 Punkte Ville Peltonen
16%
97/98, Russland, Ambri-Piotta, 93 Punkte Oleg Petrov
11%
98/99, Russland, Ambri-Piotta, 87 Punkte Oleg Petrov
11%
02/03, Finnland, HC Lugano, 57 Punkte Petteri Numelin
11%
01/02, Kanada, HC Lugano, 59 Punkte Christian Dube
5%
07/08, USA, Ambri-Piotta, 72 Punkte Erik Westrum
5%
96/97, Italien, SC Bern, 82 Punkte Gates Orlando
5%
16/17, USA, SC Bern, 55 Punkte Marc Arcobello
5%
99/00, Kanada, Ambri-Piotta, 67 Punkte Stepan Lebeau
5%
08/09, Slowakei, Genf-Servette, 72 Punkte Juraj Kolnik
0%
00/01 Kanada, HC Davos, 60 Punkte Lonny Bohonos
0%
13/14, Kanada, Genf-Servette, 50 Punkte Matthew Lombardi
0%
04/05, Kanada, ZSC Lions, 67 Punkte Randy Robitaille
0%
09/10, Kanada, HC Lugano, 65 Punkte Randy Robitaille
0%
06/07, Kanada, SC Bern, 66 Punkte Simon Gamache
0%
Keine übereinstimmenden Quizze gefunden
Verteilung der Resultate
Anzahl Personen mit jedem Resultat
Perzentil nach korrekt beantworteten Fragen
Ihre Resultats-Entwicklung
Sie haben dieses Quiz noch nicht gespielt